000 00527nam a2200181Ia 4500
003 OSt
005 20240924100301.0
008 210210b1948 xxu||||| |||| 00| 0 eng d
040 _cAL
041 _akan
082 _a851/31
100 _aANANTA PADMANABHA RAV (M S)
_9158987
_dಅನಂತ ಪದ್ಮನಾಭ ರಾವ್ (ಎಂಎಸ್)
245 _aBridavana:
_bಬೃಂದಾವನ
260 _aMadikeri
_bShri Kaveri Prakashana
_c1948
690 _aKannada Poetry
_9158988
906 _a018048
942 _2ddc
_cBK
999 _c141179
_d141179